Petrography of upper Permian rock in south-central Kansas / (Record no. 29007)

MARC details
000 -LEADER
fixed length control field 00924cam a22002531 4500
001 - CONTROL NUMBER
control field gs 55000362
003 - CONTROL NUMBER IDENTIFIER
control field DLC
005 - DATE AND TIME OF LATEST TRANSACTION
control field 20260227111403.0
008 - FIXED-LENGTH DATA ELEMENTS--GENERAL INFORMATION
fixed length control field 780331s1955 ksuabf 001 0 eng
010 ## - LIBRARY OF CONGRESS CONTROL NUMBER
LC control number gs 55000362
035 ## - SYSTEM CONTROL NUMBER
System control number (OCoLC)3765796
040 ## - CATALOGING SOURCE
Original cataloging agency DLC
Transcribing agency AzFU
Modifying agency AzFU
-- OCoLC
-- DLC
042 ## - AUTHENTICATION CODE
Authentication code premarc
050 00 - LIBRARY OF CONGRESS CALL NUMBER
Classification number QE113
Item number .A2 no. 111
100 1# - MAIN ENTRY--PERSONAL NAME
Personal name Swineford, Ada,
Dates associated with a name 1917-
245 10 - TITLE STATEMENT
Title Petrography of upper Permian rock in south-central Kansas /
Statement of responsibility, etc. by Ada Swineford.
260 ## - PUBLICATION, DISTRIBUTION, ETC.
Place of publication, distribution, etc. Lawrence :
Name of publisher, distributor, etc. University of Kansas,
Date of publication, distribution, etc. 1955.
300 ## - PHYSICAL DESCRIPTION
Extent 179 p. :
Other physical details illus., maps, diagrs, tables ;
Dimensions 23 cm.
410 20 - SERIES STATEMENT/ADDED ENTRY--CORPORATE NAME [OBSOLETE, CAN/MARC], [LOCAL, USA]
Corporate name or jurisdiction name as entry element Kansas Geological Survey.
Title of a work Bulletin ;
Volume number/sequential designation no. 111
501 ## - WITH NOTE
With note With : Geology and ground-water resources of Graham County, Kansas, 1955. Bound together subsequent to publication.
Institution to which field applies DLC
504 ## - BIBLIOGRAPHY, ETC. NOTE
Bibliography, etc. note "References": p. 172-176.
650 #0 - SUBJECT ADDED ENTRY--TOPICAL TERM
Topical term or geographic name entry element Geology, Stratigraphic
Chronological subdivision Permian.
650 #0 - SUBJECT ADDED ENTRY--TOPICAL TERM
Topical term or geographic name entry element Petrology
Geographic subdivision Kansas.

No items available.

Powered by Koha